000 00773cam a22002533a 4500
001 17433
003 PGUSA
005 20140828083355.0
008 051231s2005||||xxu|||||s|||||000 | eng d
040 _aPGUSA
_beng
042 _adc
050 4 _aF350.5
100 1 _aFerguson, John L.
_q(John Lewis),
_d1926-2006
245 1 0 _aArkansas Governors and United States Senators
_h[electronic resource] /
_cJohn L. Ferguson
260 _bProject Gutenberg,
_c2005
506 _aPublic domain in the USA.
516 _aElectronic text
653 _aArkansas -- Politics and government
653 _aLegislators -- United States
653 _aGovernors -- Arkansas
830 0 _aProject Gutenberg
_v17433
856 4 0 _uhttp://www.gutenberg.org/ebooks/17433
942 _cEB
999 _c246688
_d246688